Economía y sociedad en la construcción del estado de Nicaragua /

Gespeichert in:
Bibliographische Detailangaben
1. Verfasser: Lanuza Matamoros, Alberto
Weitere Verfasser: Vazquez, Juan Luis Barahona, Amaru Chamorro Z, Amalia
Format: Text
Veröffentlicht: San José: ICAP
Tags: Tag hinzufügen
Keine Tags, Fügen Sie den ersten Tag hinzu!

MARC

LEADER 00000 a a2200000 04500
001 24929
003
040
020 |a 9977-20-003-3  
090 |a 178400  
100 |a Lanuza Matamoros, Alberto  
245 |a Economía y sociedad en la construcción del estado de Nicaragua /  |c Alberto Lanuza Matamoros 
260 |a San José:   |b ICAP  
300 |a 276 p   |b **no definido**  
700 |a Vazquez, Juan Luis   |a Barahona, Amaru   |a Chamorro Z, Amalia  
999 |c 8797  |d 8797